[Event "3rd Yerevan Open-A 2021"]
[Site "Yerevan"]
[Date "2021.10.15"]
[Round "2.6"]
[White "Petrosian, Tigran L."]
[Black "Moksh Amit Doshi"]
[Result "1-0"]
[WhiteElo "2562"]
[BlackElo "2379"]
[Annotator "ChessBase"]
[PlyCount "138"]
[EventDate "2021.10.14"]
[EventType "swiss"]
[EventCountry "ARM"]
[SourceTitle "playchess.com"]
[Source "ChessBase"]
[SourceQuality "1"]
[TimeControl "40/5400+30:1800+30"]

1. e4 {[%emt 0:00:02]} e5 {[%emt 0:00:37]} 2. Nf3 {[%emt 0:00:06]} Nc6 {[%emt 0:00:06]} 3. Bb5 {[%emt 0:00:06]} a6 {[%emt 0:00:05]} 4. Ba4 {[%emt 0:00:05]} Nf6 {[%emt 0:00:05]} 5. O-O {[%emt 0:00:06]} Be7 {[%emt 0:00:04]} 6. Bxc6 {[%emt 0:00:13]} dxc6 {[%emt 0:00:06]} 7. d3 {[%emt 0:00:04]} Bd6 {[%emt 0:00:56]} 8. Nbd2 {[%emt 0:00:42]} Be6 {[%emt 0:00:09]} 9. Qe2 {[%emt 0:04:10]} O-O {[%emt 0:06:25]} 10. h3 {[%emt 0:00:36]} Nd7 {[%emt 0:03:18]} 11. Nb3 {[%emt 0:06:25]} f6 {[%emt 0:00:30]} 12. Na5 {[%emt 0:00:30]} Rb8 {[%emt 0:10:06]} 13. Be3 {[%emt 0:13:45]} c5 {[%emt 0:06:35]} 14. a4 {[%emt 0:02:35]} Qe8 {[%emt 0:07:23]} 15. Nd2 {[%emt 0:01:44]} Qg6 {[%emt 0:06:32]} 16. Qf3 {[%emt 0:13:10]} f5 {[%emt 0:09:31]} 17. exf5 {[%emt 0:00:58]} Rxf5 {[%emt 0:00:10]} 18. Qg3 {[%emt 0:00:14]} Qxg3 {[%emt 0:01:31]} 19. fxg3 {[%emt 0:00:05]} Rxf1+ {[%emt 0:00:52]} 20. Kxf1 {[%emt 0:02:13]} Nf6 {[%emt 0:01:44]} 21. Nac4 {[%emt 0:02:37]} Bd5 {[%emt 0:04:46]} 22. g4 {[%emt 0:04:05]} b5 {[%emt 0:10:22]} 23. axb5 {[%emt 0:16:55]} axb5 {[%emt 0:00:29]} 24. Nxd6 {[%emt 0:00:04]} cxd6 {[%emt 0:00:08]} 25. Ra6 {[%emt 0:00:04]} Ne8 {[%emt 0:00:38]} 26. Kf2 {[%emt 0:05:33]} Kf7 {[%emt 0:04:02]} 27. c4 {[%emt 0:00:51]} bxc4 {[%emt 0:04:18]} 28. dxc4 {[%emt 0:01:03]} Bb7 {[%emt 0:02:25]} 29. Rb6 {[%emt 0:01:43]} Ke7 {[%emt 0:01:52]} 30. b4 {[%emt 0:01:51]} cxb4 {[%emt 0:00:31]} 31. c5 {[%emt 0:06:37]} dxc5 {[%emt 0:01:16]} 32. Bxc5+ {[%emt 0:11:54]} Kd7 {[%emt 0:00:19]} 33. Nc4 {[%emt 0:00:43]} Kc7 {[%emt 0:02:51]} 34. Rxb4 {[%emt 0:00:23]} Bd5 {[%emt 0:01:56]} 35. Bb6+ {[%emt 0:01:29]} Kd7 {[%emt 0:03:57]} 36. Nxe5+ {[%emt 0:00:16]} Ke6 {[%emt 0:00:19]} 37. Nd3 {[%emt 0:00:12]} Kf7 {[%emt 0:01:15]} 38. g5 {[%emt 0:02:54]} Kg8 {[%emt 0:01:39]} 39. g4 {[%emt 0:02:20]} Nd6 {[%emt 0:01:25]} 40. Rd4 {[%emt 0:00:00]} Ne4+ {[%emt 0:00:00]} 41. Ke3 {[%emt 0:01:05]} Ba8 {[%emt 0:02:33]} 42. Bd8 {[%emt 0:05:09]} Nc3 {[%emt 0:01:16]} 43. Bc7 {[%emt 0:10:59]} Re8+ {[%emt 0:00:44]} 44. Be5 {[%emt 0:00:15]} Nd5+ {[%emt 0:01:08]} 45. Kd2 {[%emt 0:00:55]} Bc6 {[%emt 0:01:52]} 46. Bd6 {[%emt 0:04:15]} Ra8 {[%emt 0:05:57]} 47. Ne5 {[%emt 0:05:42]} Ra2+ {[%emt 0:03:18]} 48. Kc1 {[%emt 0:00:19]} Bb7 {[%emt 0:01:11]} 49. Rd3 {[%emt 0:00:52]} Ra6 {[%emt 0:03:04]} 50. Ba3 {[%emt 0:00:25]} Re6 {[%emt 0:01:29]} 51. Bb2 {[%emt 0:00:07]} Re8 {[%emt 0:01:51]} 52. h4 {[%emt 0:03:15]} Rf8 {[%emt 0:02:04]} 53. Rb3 {[%emt 0:02:11]} Ba8 {[%emt 0:00:50]} 54. Ra3 {[%emt 0:00:49]} Nf4 {[%emt 0:03:57]} 55. Ra7 {[%emt 0:00:40]} Ne6 {[%emt 0:01:10]} 56. Kd2 {[%emt 0:01:15]} Bd5 {[%emt 0:00:26]} 57. Ke3 {[%emt 0:00:43]} Rb8 {[%emt 0:00:08]} 58. Bc3 {[%emt 0:00:18]} Rc8 {[%emt 0:00:05]} 59. Bb4 {[%emt 0:00:20]} Rb8 {[%emt 0:00:20]} 60. Bd6 {[%emt 0:00:12]} Rd8 {[%emt 0:00:06]} 61. Be7 {[%emt 0:01:00]} Rb8 {[%emt 0:00:27]} 62. Rd7 {[%emt 0:00:42]} Ba8 {[%emt 0:00:51]} 63. Rd6 {[%emt 0:00:36]} Nc7 {[%emt 0:00:27]} 64. Bd8 {[%emt 0:00:16]} Nd5+ {[%emt 0:01:00]} 65. Kd4 {[%emt 0:00:10]} Nf4 {[%emt 0:00:20]} 66. h5 {[%emt 0:00:37]} Rb4+ {[%emt 0:01:42]} 67. Kc3 {[%emt 0:00:33]} Re4 {[%emt 0:00:35]} 68. Bf6 {[%emt 0:00:53]} Ne2+ {[%emt 0:01:46]} 69. Kd3 {[%emt 0:00:26]} Nf4+ {[%emt 0:13:10]} 1-0

[Event "3rd Yerevan Open-A 2021"]
[Site "Yerevan"]
[Date "2021.10.15"]
[Round "2.7"]
[White "Mullick, Raahil"]
[Black "Goganov, Aleksey"]
[Result "1/2-1/2"]
[WhiteElo "2368"]
[BlackElo "2557"]
[Annotator "TA"]
[PlyCount "63"]
[EventDate "2021.10.14"]
[EventType "swiss"]
[EventCountry "ARM"]
[SourceTitle "playchess.com"]
[Source "ChessBase"]
[SourceQuality "1"]

{[%evp 18,63,31,8,34,13,18,0,20,0,24,0,25,0,0,-11,0,0,-6,0,-4,-38,0,0,-8,-13,-10,-22,0,-30,0,0,0,0,0,0,93,85,85,89,115,115,115,115,115,115,115,115]} 1. e4 e5 2. Nf3 Nc6 3. Bb5 Nf6 4. O-O Nxe4 5. d4 Nd6 6. Bxc6 dxc6 7. dxe5 Nf5 8. Qxd8+ Kxd8 9. Nc3 Ke8 10. h3 h5 {C67: Ruy Lopez: Berlin Defence: 4 0-0 Nxe4.} 11. Bf4 Be6 12. b3 Be7 {The position is equal.} 13. Rad1 h4 {[#]} (13... Rd8 {keeps more tension.} 14. Bc1 b6 15. Ne2 c5 16. c4 a5) 14. Bg5 $146 ({Predecessor:} 14. Ne4 a5 15. Neg5 Rh6 16. Nxe6 Rxe6 17. a4 c5 18. Rfe1 Rd8 19. Rxd8+ Bxd8 20. Re4 {½-½ (49) Caruana,F (2796)-Navara,D (2734) Skopje 2015}) 14... Rh5 15. Bxe7 Nxe7 16. Rfe1 Ng6 17. Na4 Rd8 18. Rxd8+ Kxd8 19. c4 Ke7 20. Nc5 Bc8 21. b4 b6 22. Nb3 Be6 23. Re4 b5 24. Na5 bxc4 {...Bd5 is the strong threat.} 25. Nxc6+ {[%mdl 64] Double Attack} Kd7 26. b5 {Strongly threatening Rd4+.} Kc8 {[#]} (26... f6 $11 {remains equal.}) 27. Rd4 $1 $16 {[%cal Rd4d8] Threatening mate with Rd8+.White is better.} ({Reject} 27. Nxa7+ $6 Kb7 $11) 27... Kb7 28. Nd8+ Kb6 29. Nxe6 fxe6 30. Rxc4 Nxe5 31. Nxe5 Rxe5 {[#]} 32. a4 $1 {Weighted Error Value: White=0.10/Black=0.21} ({Much weaker is} 32. Rxh4 $6 Rxb5 33. Re4 Rb1+ 34. Kh2 Rb2 $14) 1/2-1/2

[Event "3rd Yerevan Open-A 2021"]
[Site "Yerevan"]
[Date "2021.10.15"]
[Round "2.8"]
[White "Sychev, Klementy"]
[Black "Barseghyan, Armen Ar."]
[Result "1-0"]
[WhiteElo "2555"]
[BlackElo "2356"]
[Annotator "TA"]
[PlyCount "97"]
[EventDate "2021.10.14"]
[EventType "swiss"]
[EventCountry "ARM"]
[SourceTitle "playchess.com"]
[Source "ChessBase"]
[SourceQuality "1"]

{[%evp 21,97,0,12,8,13,-4,22,18,21,25,18,20,20,18,100,92,120,116,119,107,125,121,124,127,158,120,129,120,132,139,149,159,289,289,289,289,290,245,289,285,311,297,707,683,589,327,650,589,920,918,1367,1466,1135,920,5883,4262,2177,1915,1480,4451,12833,12833,9572,2282,12843,12843,12848,12842,12843,12843,12844,12844,12845,12845,12845,12846,12846,12846]} 1. d4 Nf6 2. c4 e6 3. Nc3 d5 4. Bg5 Be7 5. Nf3 h6 6. Bxf6 Bxf6 7. e3 O-O 8. Rc1 c6 9. Bd3 Nd7 10. O-O dxc4 11. Bxc4 e5 12. d5 {seems to push 12.h3 aside. D55: Queen's Gambit Declined: 4 Bg5 Be7: Lines without ...h6 and 6...h6 7 Bxf6.} Nb6 13. b3 cxd5 14. Bxd5 {The position is equal.} Qe7 15. Qc2 {[#]} Be6 $146 ({Predecessor:} 15... Rd8 16. Qe4 Rb8 17. Rfd1 Kh8 18. a4 g6 19. g4 Be6 20. Bxe6 Qxe6 21. a5 Nd7 {0-1 (43) Martirosyan,H (2622)-Nakamura,H (2736) Chess.com INT 2020}) 16. Bxe6 Qxe6 17. Qe4 a5 (17... Rab8 $11) 18. Qxb7 $16 {Black is now going downhill.} a4 19. Ne4 Rfb8 20. Nxf6+ gxf6 21. Qe4 {Strongly threatening Rc6.} axb3 22. axb3 {Threatens to win with Rc6.} Nd5 23. Nh4 Ne7 {[#]} 24. Rc7 $1 f5 {[#]} 25. Qc4 {[%cal Rc4e6]} Kf8 26. Qc5 Rxb3 {[#]} (26... Rc8 $16 27. b4 Rxc7 28. Qxc7 Rc8) 27. Nxf5 $1 $18 {[%mdl 512]} Qxf5 28. Rxe7 Kg8 {aiming for ...Rb1.} 29. Qxe5 Qxe5 30. Rxe5 {[%mdl 4096] Endgame KRR-KRR} Rab8 31. g4 R3b5 $2 (31... Rb2 32. h3 R8b6) 32. Rxb5 Rxb5 {KR-KR} 33. Kg2 Kg7 $2 (33... h5 34. h3 hxg4 35. hxg4 Rb2) 34. Kg3 {White is clearly winning.} Ra5 35. h4 Rb5 36. Rd1 Rb6 37. e4 Rb3+ 38. f3 Rb6 39. Rd5 Ra6 40. g5 (40. Kf4 $142 Rf6+ 41. Ke3) 40... Rb6 41. Kg4 Kg6 42. Rf5 (42. h5+ $142 Kg7 43. gxh6+ Rxh6 44. f4) 42... hxg5 43. hxg5 Ra6 44. Rd5 Ra7 45. Rd6+ Kg7 46. Kf5 Ra5+ 47. e5 Ra3 48. f4 Ra7 49. g6 {Weighted Error Value: White=0.15/Black=0.46} 1-0

[Event "3rd Yerevan Open-A 2021"]
[Site "Yerevan"]
[Date "2021.10.15"]
[Round "2.9"]
[White "Sidhant, Mohapatra"]
[Black "Pultinevicius, Paulius"]
[Result "1-0"]
[WhiteElo "2367"]
[BlackElo "2552"]
[Annotator "TA"]
[PlyCount "87"]
[EventDate "2021.10.14"]
[EventType "swiss"]
[EventCountry "ARM"]
[SourceTitle "playchess.com"]
[Source "ChessBase"]
[SourceQuality "1"]

{[%evp 19,87,17,45,43,37,-2,43,37,60,41,54,44,62,44,50,20,17,0,58,29,28,12,14,7,14,16,9,5,13,16,16,11,8,0,22,13,12,5,97,93,294,289,344,241,242,231,288,270,373,336,313,0,462,485,557,546,1274,1277,1230,1215,1188,1039,1039,1031,29970,29962,29990,29991,29991,29992]} 1. c4 e6 2. g3 Nf6 3. Bg2 d5 4. Nf3 Nbd7 5. b3 Bd6 6. Bb2 O-O 7. O-O c6 8. d4 b6 9. Nbd2 Bb7 10. Qc2 $1 {The main line 10.Qc2 scores better than 10.Ne5.} Qe7 11. Rfe1 {E01: Catalan: Early deviations.} Ba3 {[#]} 12. Bc3 $146 ({Predecessor:} 12. cxd5 cxd5 13. Bxa3 Qxa3 14. Qc1 Qd6 15. Qb2 a5 16. e3 Rfc8 17. Rec1 Ne8 18. Bf1 Rxc1 19. Rxc1 Rc8 20. Bb5 Rxc1+ 21. Qxc1 Nc7 22. Bd3 b5 23. Qc2 h6 24. Qb2 b4 25. Nb1 Ba6 {½-½ (25) Nasshan,D (2136)-Yakovenko,O (2111) Zweibruecken 2013}) 12... Rac8 13. e4 {White is slightly better.} Rfd8 14. Rad1 Bb4 15. e5 Ne8 16. Bxb4 Qxb4 17. Ng5 Nf8 18. h4 a5 (18... h6 $11 19. Ngf3 c5) 19. Qc1 Qe7 20. Qb1 h6 21. Nh3 c5 22. dxc5 Rxc5 23. cxd5 exd5 24. Nf4 Nc7 25. Nf3 Nb5 {White must now prevent ...Nc3.} 26. Qb2 Nc3 27. Rd3 Ne4 28. Nd4 Re8 (28... Qxe5 $11 29. f3 g5 30. fxe4 dxe4 31. hxg5 hxg5) 29. Rde3 $36 {[%mdl 2048] Black is under strong pressure.} Qd7 $2 {[#]} (29... Qxe5 $16 {keeps fighting.} 30. f3 Ne6 31. Nfxe6 Rxe6) 30. Bh3 $18 (30. Bxe4 dxe4 31. a4 Re7 $17) 30... Qd8 31. Kh2 Rc7 32. e6 Qf6 {[%cal Rf8e6]} 33. f3 Rd8 34. Nh5 ({Much less strong is} 34. fxe4 dxe4 35. Rxe4 Bxe4 $18) 34... Qe5 {[#]} 35. Nf4 ({Weaker is} 35. fxe4 dxe4 36. Rd1 (36. exf7+ Rxf7 37. Nxg7 Rxg7 $15) 36... Nxe6 $14) ({White should play} 35. R3e2 $1 $18) 35... Nxe6 $2 {[%mdl 8192]} (35... Qf6 $1 $11 36. fxe4 dxe4 37. Rxe4 Bxe4 38. Rxe4 g6) 36. Bxe6 fxe6 37. fxe4 Rdc8 38. exd5 Rc2+ 39. Qxc2 Rxc2+ 40. Nxc2 Qb2 41. R1e2 exd5 42. Re8+ {White mates.} Kh7 43. h5 Bc6 44. Rf8 {Weighted Error Value: White=0.20/Black=0.65} 1-0

[Event "3rd Yerevan Open-A 2021"]
[Site "Yerevan"]
[Date "2021.10.15"]
[Round "2.10"]
[White "Baghdasaryan, Vahe"]
[Black "Sivuk, Vitaly"]
[Result "1/2-1/2"]
[WhiteElo "2334"]
[BlackElo "2529"]
[Annotator "ChessBase"]
[PlyCount "95"]
[EventDate "2021.10.14"]
[EventType "swiss"]
[EventCountry "ARM"]
[SourceTitle "playchess.com"]
[Source "ChessBase"]
[SourceQuality "1"]
[TimeControl "40/5400+30:1800+30"]

1. e4 {[%emt 1:31:00]} e5 {[%emt 1:31:00]} 2. Nf3 {[%emt 0:00:30]} Nc6 {[%emt 0:00:30]} 3. Bc4 {[%emt 0:00:30]} Bc5 {[%emt 0:00:30]} 4. d3 {[%emt 0:00:30]} Nf6 {[%emt 0:00:30]} 5. c3 {[%emt 0:00:30]} d6 {[%emt 0:00:30]} 6. Nbd2 {[%emt 0:00:30]} O-O {[%emt 0:00:30]} 7. O-O {[%emt 0:00:30]} a5 {[%emt 0:00:30]} 8. h3 {[%emt 0:00:30]} Be6 {[%emt 0:00:30]} 9. Re1 {[%emt 0:00:30]} Bxc4 {[%emt 0:00:30]} 10. Nxc4 {[%emt 0:00:30]} Re8 {[%emt 0:00:30]} 11. Bg5 {[%emt 0:00:30]} h6 {[%emt 0:00:30]} 12. Bh4 {[%emt 0:00:30]} a4 {[%emt 0:00:30]} 13. Ne3 {[%emt 0:00:30]} Bxe3 {[%emt 0:00:30]} 14. fxe3 {[%emt 0:00:30]} Nb8 {[%emt 0:00:30]} 15. Rf1 {[%emt 0:00:30]} Nbd7 {[%emt 0:00:30]} 16. Qe1 {[%emt 0:00:30]} Re6 {[%emt 0:00:30]} 17. d4 {[%emt 0:00:30]} Qf8 {[%emt 0:00:30]} 18. d5 {[%emt 0:00:30]} Ree8 {[%emt 0:00:30]} 19. Bxf6 {[%emt 0:00:30]} Nxf6 {[%emt 0:00:30]} 20. Nh4 {[%emt 0:00:30]} Kh7 {[%emt 0:00:30]} 21. Rxf6 {[%emt 0:00:30]} gxf6 {[%emt 0:00:30]} 22. Qe2 {[%emt 0:00:30]} Qh8 {[%emt 0:00:30]} 23. Rf1 {[%emt 0:00:30]} Rg8 {[%emt 0:00:30]} 24. Rf2 {[%emt 0:00:30]} Rg5 {[%emt 0:00:30]} 25. Qf1 {[%emt 0:00:30]} Rf8 {[%emt 0:00:30]} 26. Rxf6 {[%emt 0:00:30]} Qg7 {[%emt 0:00:30]} 27. Qf2 {[%emt 0:00:30]} Kg8 {[%emt 0:00:30]} 28. Kh2 {[%emt 0:00:30]} Ra8 {[%emt 0:00:30]} 29. Rf3 {[%emt 0:00:30]} Kf8 {[%emt 0:00:30]} 30. Nf5 {[%emt 0:00:30]} Qg6 {[%emt 0:00:30]} 31. c4 {[%emt 0:00:30]} b6 {[%emt 0:00:30]} 32. Nh4 {[%emt 0:00:30]} Qh7 {[%emt 0:00:30]} 33. Nf5 {[%emt 0:00:30]} Ke8 {[%emt 0:00:30]} 34. Qh4 {[%emt 0:00:30]} Qg6 {[%emt 0:00:30]} 35. g4 {[%emt 0:00:30]} a3 {[%emt 0:00:30]} 36. b3 {[%emt 0:00:30]} Kd7 {[%emt 0:00:30]} 37. Qxh6 {[%emt 0:00:30]} Rxf5 {[%emt 0:00:30]} 38. Qxg6 {[%emt 0:00:30]} Rxf3 {[%emt 0:00:30]} 39. Qg7 {[%emt 0:00:30]} Kc8 {[%emt 0:00:30]} 40. Kg2 {[%emt 0:00:30]} Rxe3 {[%emt 0:00:30]} 41. Qxf7 {[%emt 0:30:30]} Kb7 {[%emt 0:30:30]} 42. c5 {[%emt 0:00:30]} bxc5 {[%emt 0:00:30]} 43. Qf1 {[%emt 0:00:30]} Kb6 {[%emt 0:00:30]} 44. Qc4 {[%emt 0:00:30]} Rh8 {[%emt 0:00:30]} 45. Qa4 {[%emt 0:00:30]} Rhxh3 {[%emt 0:00:30]} 46. Qc6+ {[%emt 0:00:30]} Ka5 {[%emt 0:00:30]} 47. Qa4+ {[%emt 0:00:30]} Kb6 {[%emt 0:00:30]} 48. Qc6+ {[%emt 0:00:30]} 1/2-1/2

[Event "3rd Yerevan Open-A 2021"]
[Site "Yerevan"]
[Date "2021.10.15"]
[Round "2.11"]
[White "Harsha Bharathakoti"]
[Black "Vantika Agrawal"]
[Result "1/2-1/2"]
[WhiteElo "2517"]
[BlackElo "2322"]
[Annotator "ChessBase"]
[PlyCount "124"]
[EventDate "2021.10.14"]
[EventType "swiss"]
[EventCountry "ARM"]
[SourceTitle "playchess.com"]
[Source "ChessBase"]
[SourceQuality "1"]
[TimeControl "40/5400+30:1800+30"]

1. d4 {[%emt 0:00:03]} Nf6 {[%emt 0:01:33]} 2. Bf4 {[%emt 0:00:07]} d5 {[%emt 0:04:59]} 3. e3 {[%emt 0:01:15]} c5 {[%emt 0:01:53]} 4. Nf3 {[%emt 0:05:15]} Nc6 {[%emt 0:02:16]} 5. Nbd2 {[%emt 0:06:38]} Nh5 {[%emt 0:00:34]} 6. Be5 {[%emt 0:01:07]} f6 {[%emt 0:07:07]} 7. Bg3 {[%emt 0:00:52]} e6 {[%emt 0:02:23]} 8. Bb5 {[%emt 0:13:12]} Qb6 {[%emt 0:13:28]} 9. c4 {[%emt 0:00:45]} Nxg3 {[%emt 0:14:52]} 10. hxg3 {[%emt 0:00:05]} Bd7 {[%emt 0:06:59]} 11. Qb3 {[%emt 0:16:09]} O-O-O {[%emt 0:04:20]} 12. cxd5 {[%emt 0:06:29]} exd5 {[%emt 0:03:02]} 13. dxc5 {[%emt 0:00:06]} Bxc5 {[%emt 0:01:06]} 14. O-O {[%emt 0:04:34]} Kb8 {[%emt 0:00:49]} 15. Bxc6 {[%emt 0:00:25]} Bxc6 {[%emt 0:00:45]} 16. Qxb6 {[%emt 0:00:19]} Bxb6 {[%emt 0:00:14]} 17. Nb3 {[%emt 0:00:02]} g5 {[%emt 0:06:24]} 18. Rfd1 {[%emt 0:03:59]} h5 {[%emt 0:03:03]} 19. Nbd4 {[%emt 0:00:09]} Bd7 {[%emt 0:01:33]} 20. Ne2 {[%emt 0:00:13]} Bg4 {[%emt 0:01:17]} 21. Rd2 {[%emt 0:02:31]} Ba5 {[%emt 0:07:01]} 22. Rd3 {[%emt 0:00:47]} Bf5 {[%emt 0:00:40]} 23. Rb3 {[%emt 0:05:21]} Bc2 {[%emt 0:06:30]} 24. Rb5 {[%emt 0:00:15]} Bb6 {[%emt 0:00:06]} 25. Ne1 {[%emt 0:05:04]} Ba4 {[%emt 0:02:31]} 26. Rb4 {[%emt 0:00:05]} Bd7 {[%emt 0:00:45]} 27. Rd1 {[%emt 0:01:38]} Bc5 {[%emt 0:01:11]} 28. Nd3 {[%emt 0:03:22]} Bxb4 {[%emt 0:00:23]} 29. Nxb4 {[%emt 0:00:02]} Be6 {[%emt 0:01:21]} 30. Nc3 {[%emt 0:03:07]} h4 {[%emt 0:02:32]} 31. Rd4 {[%emt 0:04:43]} hxg3 {[%emt 0:00:27]} 32. fxg3 {[%emt 0:00:01]} Rd7 {[%emt 0:01:06]} 33. Kf2 {[%emt 0:01:11]} Rc8 {[%emt 0:00:43]} 34. Rd2 {[%emt 0:00:10]} Rcd8 {[%emt 0:01:59]} 35. Nc2 {[%emt 0:00:06]} Bf7 {[%emt 0:00:30]} 36. g4 {[%emt 0:00:19]} Bg6 {[%emt 0:00:41]} 37. Nd4 {[%emt 0:00:04]} Re8 {[%emt 0:00:56]} 38. Rd1 {[%emt 0:00:08]} Rh8 {[%emt 0:00:34]} 39. Nde2 {[%emt 0:01:20]} Bf7 {[%emt 0:00:32]} 40. Nd4 {[%emt 0:00:00]} a6 {[%emt 0:00:00]} 41. a3 {[%emt 0:00:04]} Bg6 {[%emt 0:09:12]} 42. Kg3 {[%emt 0:00:41]} Re8 {[%emt 0:07:01]} 43. Kf2 {[%emt 0:00:15]} Be4 {[%emt 0:02:32]} 44. Kg3 {[%emt 0:07:09]} Re5 {[%emt 0:01:36]} 45. Rd2 {[%emt 0:03:06]} Kc7 {[%emt 0:06:22]} 46. Rd1 {[%emt 0:02:07]} Rh7 {[%emt 0:01:38]} 47. Rf1 {[%emt 0:00:26]} Rh6 {[%emt 0:01:15]} 48. Rc1 {[%emt 0:00:24]} Kb8 {[%emt 0:00:53]} 49. Rd1 {[%emt 0:02:10]} Rh7 {[%emt 0:00:42]} 50. Rf1 {[%emt 0:00:10]} Rf7 {[%emt 0:00:21]} 51. Nxe4 {[%emt 0:04:35]} Rxe4 {[%emt 0:00:27]} 52. Kf3 {[%emt 0:00:19]} Rfe7 {[%emt 0:00:54]} 53. Nf5 {[%emt 0:00:05]} Rc7 {[%emt 0:00:13]} 54. Rd1 {[%emt 0:00:53]} Re5 {[%emt 0:01:35]} 55. Nd4 {[%emt 0:00:04]} Rh7 {[%emt 0:01:21]} 56. Nf5 {[%emt 0:00:09]} Rh8 {[%emt 0:00:57]} 57. Nd4 {[%emt 0:00:41]} Kc7 {[%emt 0:01:14]} 58. Nf5 {[%emt 0:00:44]} Kb6 {[%emt 0:01:02]} 59. Nd4 {[%emt 0:00:20]} Rhe8 {[%emt 0:00:50]} 60. Rd3 {[%emt 0:00:04]} Rc8 {[%emt 0:00:21]} 61. Rd1 {[%emt 0:00:04]} Rce8 {[%emt 0:00:44]} 62. Rd3 {[%emt 0:00:04]} Re4 1/2-1/2

[Event "3rd Yerevan Open-A 2021"]
[Site "Yerevan"]
[Date "2021.10.15"]
[Round "2.12"]
[White "Hakemi, Arman"]
[Black "Hayrapetyan, Hovik"]
[Result "0-1"]
[WhiteElo "2323"]
[BlackElo "2500"]
[Annotator "ChessBase"]
[PlyCount "92"]
[EventDate "2021.10.14"]
[EventType "swiss"]
[EventCountry "ARM"]
[SourceTitle "playchess.com"]
[Source "ChessBase"]
[SourceQuality "1"]
[TimeControl "40/5400+30:1800+30"]

1. d4 {[%emt 0:08:30]} Nf6 {[%emt 0:01:51]} 2. c4 {[%emt 0:05:04]} e6 {[%emt 0:01:10]} 3. Nf3 {[%emt 0:00:14]} b6 {[%emt 0:02:37]} 4. g3 {[%emt 0:05:24]} Bb7 {[%emt 0:01:41]} 5. Bg2 {[%emt 0:00:07]} Bb4+ {[%emt 0:01:12]} 6. Bd2 {[%emt 0:00:07]} Be7 {[%emt 0:01:23]} 7. O-O {[%emt 0:00:08]} O-O {[%emt 0:01:19]} 8. Bf4 {[%emt 0:00:25]} d6 {[%emt 0:02:28]} 9. Nc3 {[%emt 0:01:15]} Ne4 {[%emt 0:01:26]} 10. Qc2 {[%emt 0:00:30]} Nxc3 {[%emt 0:00:20]} 11. Qxc3 {[%emt 0:00:07]} Nd7 {[%emt 0:00:36]} 12. Rfe1 {[%emt 0:02:21]} c5 {[%emt 0:08:32]} 13. dxc5 {[%emt 0:04:04]} Nxc5 {[%emt 0:03:10]} 14. Rad1 {[%emt 0:07:38]} Rc8 {[%emt 0:02:28]} 15. b3 {[%emt 1:02:06]} Qc7 {[%emt 0:08:54]} 16. Qc1 {[%emt 0:00:00]} Rfd8 {[%emt 0:00:58]} 17. Bg5 {[%emt 0:00:00]} Bxg5 {[%emt 0:01:02]} 18. Qxg5 {[%emt 0:00:00]} d5 {[%emt 0:03:50]} 19. cxd5 {[%emt 0:00:00]} Ne4 {[%emt 0:07:13]} 20. Qe5 {[%emt 0:00:00]} Bxd5 {[%emt 0:16:15]} 21. Qxc7 {[%emt 0:00:00]} Rxc7 {[%emt 0:03:08]} 22. Ne5 {[%emt 0:00:00]} Nc3 {[%emt 0:01:43]} 23. Rd2 {[%emt 0:00:00]} f6 {[%emt 0:04:44]} 24. Nc4 {[%emt 0:00:00]} Rdd7 {[%emt 0:03:33]} 25. Bxd5 {[%emt 0:00:00]} exd5 {[%emt 0:02:52]} 26. Ne3 {[%emt 0:00:00]} g6 {[%emt 0:01:23]} 27. f3 {[%emt 0:00:00]} Kf7 {[%emt 0:05:17]} 28. Kf2 {[%emt 0:00:00]} b5 {[%emt 0:00:04]} 29. Ng2 {[%emt 0:01:23]} a5 {[%emt 0:03:04]} 30. a3 {[%emt 0:00:27]} f5 {[%emt 0:06:18]} 31. Nf4 {[%emt 0:00:49]} Kf6 {[%emt 0:00:03]} 32. Nd3 {[%emt 0:00:16]} Ne4+ {[%emt 0:00:37]} 33. fxe4 {[%emt 0:00:08]} dxe4 {[%emt 0:00:04]} 34. Red1 {[%emt 0:03:10]} Rc3 {[%emt 0:00:06]} 35. b4 {[%emt 0:02:50]} a4 {[%emt 0:00:04]} 36. Ke1 {[%emt 0:00:43]} exd3 {[%emt 0:00:06]} 37. Rxd3 {[%emt 0:00:29]} Rdxd3 {[%emt 0:00:07]} 38. Rxd3 {[%emt 0:00:04]} Rxd3 {[%emt 0:00:11]} 39. exd3 {[%emt 0:00:04]} Ke5 {[%emt 0:00:02]} 40. h4 {[%emt 0:00:00]} f4 {[%emt 0:00:00]} 41. gxf4+ {[%emt 0:02:55]} Kxf4 {[%emt 0:05:13]} 42. Kf2 {[%emt 0:00:31]} Ke5 {[%emt 0:00:10]} 43. Ke3 {[%emt 0:01:25]} h6 {[%emt 0:00:36]} 44. d4+ {[%emt 0:02:11]} Kf5 {[%emt 0:05:12]} 45. Kf3 {[%emt 0:00:31]} h5 {[%emt 0:01:31]} 46. Ke3 {[%emt 0:06:42]} g5 {[%emt 0:00:23]} 0-1